000 00615nam a22001931 4500
001 e 08000512
003 DLC
005 20260227111149.0
008 780301s1907 gw 00010 ger c
010 _ae 08000512
035 _aocl73639544
040 _aU.S. Office of Education. Library
_cWMaUCS
050 0 _aLC37
_b.S38
100 1 0 _aSchulz, Heinrich,
_d1872-
245 1 4 _aDie mutter als erzieherin ;
_bkleine beiträge zur praxis der proletarischen hauserziehung,
_cvon Heinrich Schulz.
260 0 _aStuttgart,
_bJ. H. W. Dietz nachf.,
_c1907.
300 _a72 p.
_c18 cm.
650 0 _aDomestic education.
999 _c18696
_d18696